000 01569cam a2200397 a 4500
001 EDZ0000158194
003 StDuBDS
005 20161031105233.0
006 m||||||||d||||||||
007 cr |||||||||||
008 130912s2006 cau fo| 000|0|eng d
020 _a9781483329246 (ebook) :
_cNo price
040 _aStDuBDS
_beng
_cStDuBDS
_epn
049 _aAlfaisal Main Library
050 0 _aHD57.7
_b.C34 2006
082 0 4 _a650.1
_223
100 1 _aCaesar, Vance.
245 1 4 _aThe high achiever's guide to happiness
_h[electronic resource] /
_cVance Caesar, Carol Ann Caesar.
260 _aThousand Oaks, Calif. :
_bCorwin,
_c2006.
300 _a1 online resource (xvi, 167 p.)
504 _aIncludes bibliographical references.
520 8 _aThis leadership guide explores the profile of high achievers and provides tools for improving leadership style while retaining a greater degree of personal happiness. Using anecdotes and examples, the authors demonstrate the seven keys to gaining personal and career fulfillment.
521 _aSpecialized.
588 _aDescription based on print version record.
650 0 _aLeadership.
650 0 _aSuccess.
650 0 _aSuccess in business.
650 0 _aHappiness.
650 0 _aSuccessful people.
655 7 _aElectronic books.
_2local
700 1 _aCaesar, Carol Ann.
710 2 _aSage eBooks
776 0 8 _iPrint version :
_z9781412916127
856 4 0 _uhttp://ezproxy.alfaisal.edu/login?url=http://sk.sagepub.com/books/the-high-achievers-guide-to-happiness
942 _2lcc
_cEBOOKS
999 _c482395
_d482395